000
00224nam a22000857a 4500
008
160713b xxu||||| |||| 00| 0 eng d
100
_9
2758
_a
Hamilton, D
245
_a
Settled Furrows
260
_a
Pennsylvania
_b
Herald Press
_c
1972
999
_c
2393
_d
2393